| 000 | 00573nam a22002177a 4500 | ||
|---|---|---|---|
| 003 | OSt | ||
| 005 | 20180119141728.0 | ||
| 008 | 180118b xxu||||| |||| 00| 0 eng d | ||
| 020 | _a 978-0071794589 | ||
| 020 | _a1259251411 | ||
| 040 | _cDNLM | ||
| 082 | _aQV38 B328a 2014 | ||
| 100 |
_aBauer, Larry A. _911934 |
||
| 245 | _a Applied Clinical Pharmacokinetics | ||
| 250 | _a3rd ed. | ||
| 260 | _aNew York; Mcgraw-hill, 2014 | ||
| 300 | _axii,868p; col.ill: 24cm | ||
| 504 | _aReferences, & index included | ||
| 650 |
_aPharmacokinetics _91609 |
||
| 942 |
_2z _cO_SHELF |
||
| 999 |
_c5960 _d5960 |
||